[Event "35th World Open"]
[Site "King of Prussia USA"]
[Date "2007.06.03"]
[Round "6"]
[White "Kunte,A"]
[Black "Rensch,D"]
[Result "1-0"]
[WhiteElo "2527"]
[BlackElo "2382"]
[EventDate "2007.06.30"]

1. d4 Nf6 2. Nf3 e6 3. c4 c5 4. d5 b5 5. dxe6 fxe6 6. cxb5 d5 7. g3 a6 8.
bxa6 Nxa6 9. Bg2 Be7 10. O-O O-O 11. b3 Ne4 12. Bb2 Bf6 13. Qc1 Nb4 14. a3
Nc6 15. Nbd2 Nxd2 16. Qxd2 Na5 17. Bxf6 Qxf6 18. Qc2 Bd7 19. b4 Nc4 20.
bxc5 Rfc8 21. e4 Rxc5 22. exd5 exd5 23. Qd3 Bf5 24. Qd4 Rca5 25. Rad1 Qxd4
26. Nxd4 Be4 27. Nc6 Rxa3 28. Ne7+ Kf7 29. Nxd5 Bxg2 30. Kxg2 Rd8 31. Rd4
Ne5 32. Rfd1 g6 33. Re1 Nc6 34. Rf4+ Kg7 35. Nb4 Nxb4 36. Re7+ Kg8 37. Rxb4
Ra6 38. Rbb7 h5 39. Kh3 Rf6 40. f4 Rd2 41. Re8+ Rf8 42. Re6 1-0

[Event "35th World Open"]
[Site "King of Prussia USA"]
[Date "2007.06.03"]
[Round "6"]
[White "Sarkar,J"]
[Black "Erenburg,S"]
[Result "1/2-1/2"]
[WhiteElo "2418"]
[BlackElo "2574"]
[EventDate "2007.06.30"]

1. d4 d5 2. c4 c6 3. Nf3 Nf6 4. Nc3 e6 5. Bg5 h6 6. Bh4 dxc4 7. e4 g5 8.
Bg3 b5 9. Be2 Bb7 10. h4 g4 11. Ne5 Rg8 12. Nxg4 Nbd7 13. Nxf6+ Qxf6 14.
Bf3 O-O-O 15. e5 Qf5 16. Be4 Qg4 17. Bf3 Qf5 18. Be4 Qg4 19. Bf3 Qf5 20.
Be4 Qg4 1/2-1/2

[Event "35th World Open"]
[Site "King of Prussia USA"]
[Date "2007.06.03"]
[Round "6"]
[White "Coleman,T"]
[Black "Ftacnik,L"]
[Result "1-0"]
[WhiteElo "2266"]
[BlackElo "2573"]
[EventDate "2007.06.30"]

1. d4 Nf6 2. c4 g6 3. Nc3 d5 4. Bg5 Ne4 5. Bh4 Nxc3 6. bxc3 dxc4 7. e3 Be6
8. Qb1 b6 9. Nf3 Bh6 10. Be2 O-O 11. O-O Nc6 12. Rd1 Na5 13. Qb4 f6 14. Nd2
Qd6 15. Bg3 Qxb4 16. cxb4 Nc6 17. b5 Na5 18. Rac1 a6 19. Nxc4 Bxc4 20. Rxc4
Nxc4 21. Bxc4+ Kh8 22. bxa6 c6 23. a4 f5 24. Bc7 b5 25. axb5 cxb5 26. Bxb5
Rfc8 27. Rc1 Bg7 28. Rc5 Bf6 29. g3 Kg7 30. Kf1 h5 31. d5 Kf8 32. Bb6 Rcb8
33. Rc6 h4 34. Kg2 hxg3 35. hxg3 g5 36. Bd3 f4 37. gxf4 gxf4 38. e4 Be5 39.
Kf3 Bd6 40. Kg4 Kf7 41. Bc4 Rxb6 42. Rxb6 Kf6 43. Bb5 Ke5 44. Bc6 Ra7 45.
Bb7 Kxe4 46. f3+ Kd4 47. Rxd6 1-0

[Event "35th World Open"]
[Site "King of Prussia USA"]
[Date "2007.06.03"]
[Round "6"]
[White "Friedel,J"]
[Black "Arnold,M"]
[Result "1-0"]
[WhiteElo "2474"]
[BlackElo "2237"]
[EventDate "2007.06.30"]

1. e4 c5 2. Nf3 d6 3. d4 cxd4 4. Nxd4 Nf6 5. Nc3 a6 6. f4 e5 7. Nf3 Qc7 8.
a4 Be7 9. Bd3 O-O 10. O-O Nc6 11. Qe1 exf4 12. Bxf4 Be6 13. Kh1 Ne5 14. Nd4
Nfd7 15. Nf5 Bf6 16. Ne3 Qd8 17. Ncd5 Bg5 18. Nf5 Bxf4 19. Rxf4 Bxf5 20.
Rxf5 Re8 21. Qg3 Re6 22. Raf1 Rg6 23. Qf4 Rg4 24. Qf2 Rg5 25. h3 Rxf5 26.
exf5 Rc8 27. Qd4 Nf6 28. Nxf6+ Qxf6 29. Be4 g5 30. Bxb7 Rc4 31. Qd2 g4 32.
b3 Rc7 33. Bxa6 gxh3 34. gxh3 Qh4 35. Qg2+ Kf8 36. f6 1-0

[Event "35th World Open"]
[Site "King of Prussia USA"]
[Date "2007.06.03"]
[Round "6"]
[White "Panchanathan,M"]
[Black "Schneider,Ig"]
[Result "1/2-1/2"]
[WhiteElo "2482"]
[BlackElo "2337"]
[EventDate "2007.06.30"]

1. e4 e6 2. d4 d5 3. Nd2 Nf6 4. e5 Nfd7 5. f4 c5 6. c3 Nc6 7. Ndf3 cxd4 8.
cxd4 f5 9. Bd3 Be7 10. Ne2 Nb6 11. O-O O-O 12. Nc3 Bd7 13. h3 Be8 14. a3 a5
15. b3 Kh8 16. g4 Bg6 17. Ra2 Rc8 18. Nb5 Qd7 19. Raf2 Na8 20. Ng5 Nc7 21.
Nxc7 Rxc7 22. Bc2 Na7 23. gxf5 Bxf5 24. Bxf5 Rxf5 25. Bd2 b6 26. Qh5 Bxg5
27. fxg5 g6 28. Qh6 Kg8 29. h4 Qg7 30. Rxf5 exf5 31. Bf4 Rc6 32. h5 Nb5 33.
Qxg7+ Kxg7 34. e6 Rxe6 35. Be5+ Kf7 36. Rc1 gxh5 37. a4 Na7 38. Rc7+ Re7
39. Rc2 Kg6 40. Bf6 Rd7 41. Re2 h6 42. Re6 hxg5 43. Be5+ Kh7 44. Rf6 f4 45.
Kg2 Nc8 46. Rf5 Kg6 47. Rf6+ 1/2-1/2

[Event "35th World Open"]
[Site "King of Prussia USA"]
[Date "2007.06.03"]
[Round "6"]
[White "Morshedi,A"]
[Black "Khachiyan,M"]
[Result "1/2-1/2"]
[WhiteElo "2358"]
[BlackElo "2475"]
[EventDate "2007.06.30"]

1. e4 c5 2. Nf3 Nc6 3. d4 cxd4 4. Nxd4 g6 5. Nc3 Bg7 6. Be3 Nf6 7. Bc4 O-O
8. Bb3 d6 9. f3 Qa5 10. Qd2 Nxd4 11. Bxd4 Be6 12. Bxe6 fxe6 13. O-O-O Rac8
14. Kb1 Rc4 15. Ne2 Qxd2 16. Rxd2 Nd7 17. b3 Bh6 18. Rd3 Rc7 19. Rc3 Rxc3
20. Nxc3 a6 21. a4 Rc8 22. Ne2 Kf7 23. Rd1 e5 24. Bf2 Nb8 25. Kb2 Nc6 26.
Bb6 Bf8 27. c3 h5 28. b4 e6 29. Kb3 Be7 30. a5 g5 31. Ng3 g4 32. fxg4 hxg4
33. Nf1 Nb8 34. Ne3 g3 35. hxg3 Nd7 36. Nc4 Rc6 1/2-1/2

[Event "35th World Open"]
[Site "King of Prussia USA"]
[Date "2007.06.03"]
[Round "6"]
[White "Critelli,J"]
[Black "Martinez,Marce"]
[Result "0-1"]
[WhiteElo "2264"]
[BlackElo "2386"]
[EventDate "2007.06.30"]

1. e4 e5 2. Nf3 Nc6 3. Bb5 a6 4. Ba4 Nf6 5. O-O Be7 6. Re1 b5 7. Bb3 d6 8.
c3 O-O 9. d4 Bg4 10. Be3 exd4 11. cxd4 Na5 12. Bc2 c5 13. h3 Bh5 14. g4 Bg6
15. Nbd2 cxd4 16. Nxd4 d5 17. e5 Ne4 18. Nxe4 Bxe4 19. Bxe4 dxe4 20. Qc2
Bb4 21. Red1 Qd5 22. a3 Rfc8 23. Qe2 Bf8 24. Bf4 Nc4 25. Nf5 Qe6 26. Rd4 g6
27. Ng3 e3 28. Bxe3 Qxe5 29. Rad1 Re8 30. Ne4 Bg7 31. Nd6 Nxe3 32. Re4 Nxd1
33. Qxd1 Qxe4 0-1

[Event "35th World Open"]
[Site "King of Prussia USA"]
[Date "2007.06.03"]
[Round "6"]
[White "Stein,Alan"]
[Black "Tuvshintugs,B"]
[Result "1-0"]
[WhiteElo "2412"]
[BlackElo "2229"]
[EventDate "2007.06.30"]

1. e4 e5 2. Nf3 Nc6 3. Bb5 a6 4. Ba4 Nf6 5. O-O Be7 6. Re1 b5 7. Bb3 d6 8.
c3 O-O 9. d4 Bg4 10. d5 Na5 11. Bc2 c6 12. dxc6 Nxc6 13. h3 Be6 14. Nbd2
Qc7 15. Ng5 Rad8 16. a4 b4 17. Qe2 bxc3 18. bxc3 Bc8 19. Nc4 h6 20. Nf3 Na5
21. Ne3 Be6 22. Rb1 Qc6 23. Nh4 Nxe4 24. Nhf5 Bg5 25. h4 Bxh4 26. Qg4 Bxf2+
27. Kf1 Bc4+ 28. Re2 Bxe2+ 29. Kxe2 Ng3+ 30. Kxf2 Nxf5 31. Nxf5 1-0

[Event "35th World Open"]
[Site "King of Prussia USA"]
[Date "2007.06.03"]
[Round "7"]
[White "Predojevic,B"]
[Black "Pavlovic,Milos"]
[Result "1-0"]
[WhiteElo "2609"]
[BlackElo "2534"]
[EventDate "2007.06.30"]

1. e4 e5 2. Nf3 Nc6 3. Bc4 Nf6 4. d3 Be7 5. O-O O-O 6. Re1 d6 7. a4 Kh8 8.
h3 Be6 9. Nbd2 Ng8 10. Bxe6 fxe6 11. c3 Qd7 12. Nf1 Rae8 13. b4 Bd8 14. b5
Nce7 15. d4 exd4 16. cxd4 Ng6 17. Ra3 c6 18. Rb3 cxb5 19. Rxb5 a6 20. Rb1
Nh4 21. N1h2 Nxf3+ 22. Nxf3 Ba5 23. Re3 Rb8 24. Ba3 Rfc8 25. d5 e5 26. Ng5
h6 27. Qg4 Rd8 28. Ne6 Nf6 29. Qf5 Rg8 30. Rg3 b5 31. Rxg7 Rxg7 32. Qxf6 b4
33. Qxh6+ 1-0

[Event "35th World Open"]
[Site "King of Prussia USA"]
[Date "2007.06.03"]
[Round "7"]
[White "Howell,D"]
[Black "Arakhamia,K"]
[Result "1-0"]
[WhiteElo "2518"]
[BlackElo "2435"]
[EventDate "2007.06.30"]

1. e4 c5 2. c3 d5 3. exd5 Qxd5 4. d4 Nf6 5. Nf3 e6 6. a3 Be7 7. Be3 cxd4 8.
cxd4 Nc6 9. Nc3 Qd6 10. Bd3 O-O 11. Qc2 Bd7 12. Rd1 Rac8 13. O-O Rfd8 14.
Rfe1 Be8 15. Bg5 g6 16. Bc4 Ng4 17. d5 Bxg5 18. dxc6 Qb8 19. Re4 Bxc6 20.
Rxg4 Bxf3 21. gxf3 Rxd1+ 22. Qxd1 Bf4 23. Qd4 Bxh2+ 24. Kg2 Be5 25. Qe3 Bg7
26. Bb3 b6 27. Rh4 Qd6 28. Rh1 Qc5 29. Rc1 Bd4 30. Qf4 Qe5 31. Qd2 Bxc3 32.
bxc3 Rc5 33. Bd1 Kg7 34. Qe3 Qg5+ 35. Qxg5 Rxg5+ 36. Kh2 Ra5 37. a4 Re5 38.
Bc2 h5 39. f4 Rc5 40. Bd3 Rd5 41. Bb5 Kf6 42. Re1 Rd2 43. Kg2 Rc2 44. Re3
h4 45. Rf3 Ra2 46. Kh3 a6 47. Bxa6 Rxa4 48. Bb5 Ra5 49. c4 Kf5 50. Kxh4 Ra1
51. Kg3 Rg1+ 52. Kh3 Rc1 53. Kg2 Ke4 54. Re3+ Kd4 55. Kf3 Ra1 56. Re4+ Kc5
57. Re2 Ra7 58. Rd2 f5 59. Rd8 Ra3+ 60. Kg2 1-0

[Event "35th World Open"]
[Site "King of Prussia USA"]
[Date "2007.06.03"]
[Round "7"]
[White "Smith,Bry"]
[Black "Friedel,J"]
[Result "0-1"]
[WhiteElo "2386"]
[BlackElo "2474"]
[EventDate "2007.06.30"]

1. e4 e5 2. Nf3 Nc6 3. Bb5 a6 4. Ba4 Nf6 5. O-O b5 6. Bb3 Bc5 7. a4 Rb8 8.
axb5 axb5 9. Nxe5 Nxe5 10. d4 Bxd4 11. Qxd4 d6 12. f4 Nc6 13. Qc3 Ne7 14.
e5 Ne4 15. Qe1 d5 16. Nd2 Nxd2 17. Bxd2 c5 18. e6 c4 19. Qe5 Qb6+ 20. Be3
f6 21. Qc3 Qc6 22. Ba2 Bxe6 23. Bd4 Kf7 24. Bb1 Ra8 25. Rxa8 Rxa8 26. Qd2
Bf5 27. c3 Re8 28. Qd1 g6 29. g4 Be4 30. Qe1 Bxb1 31. Qxb1 Qe6 32. h3 Qe4
33. Qe1 Qxe1 34. Rxe1 Rd8 35. Ra1 Nc6 36. Bc5 d4 37. cxd4 Nxd4 38. Ra5 Ne2+
39. Kh2 Rd2 40. Ra7+ Ke8 41. Re7+ Kd8 42. Rxh7 Rxb2 43. Be7+ Kc8 44. Bxf6
c3 45. f5 gxf5 46. gxf5 Nd4+ 47. Kg3 c2 48. Bg5 Nxf5+ 49. Kg4 Nd4 50. h4
Rb1 51. h5 0-1

[Event "35th World Open"]
[Site "King of Prussia USA"]
[Date "2007.06.03"]
[Round "7"]
[White "Gulamali,K"]
[Black "Hess,Ro"]
[Result "0-1"]
[WhiteElo "2370"]
[BlackElo "2412"]
[EventDate "2007.06.30"]

1. Nf3 Nf6 2. c4 e6 3. d4 Bb4+ 4. Nbd2 O-O 5. a3 Be7 6. e4 d5 7. e5 Nfd7 8.
cxd5 exd5 9. Bd3 c5 10. Qc2 h6 11. O-O Nc6 12. Re1 Qb6 13. Nf1 cxd4 14. b4
a5 15. b5 Nd8 16. Ng3 Nc5 17. Nxd4 Nxd3 18. Qxd3 Bc5 19. Be3 Ne6 20. Ndf5
Bxe3 21. Rxe3 Nf4 22. Qd2 Bxf5 23. Nxf5 Qe6 24. Nd4 Qb6 25. Rae1 Rac8 26.
Nf5 Qe6 27. Nd6 Rc7 28. g3 Qg4 29. Kh1 Nh3 30. f4 d4 31. Rd3 Qg6 32. f5 Qg4
33. Rxd4 Qf3+ 34. Qg2 Ng5 35. Rd2 Qxa3 36. Rf1 Rc1 37. Rdf2 Qe3 38. Rxc1
Qxc1+ 39. Rf1 Qe3 40. Nxb7 Qxe5 41. Nxa5 Qxb5 42. Nc6 Re8 43. h4 Ne4 44.
Rc1 Qd3 45. Rg1 Qd5 46. Nb4 Nxg3+ 47. Kh2 Qxg2+ 48. Rxg2 Nxf5 49. Rg4 Re2+
50. Kg1 h5 51. Rf4 g6 52. Nd3 Kg7 53. Nf2 Ne3 54. Kh1 Re1+ 55. Kh2 Rf1 56.
Kg3 Ng4 57. Nxg4 Rxf4 58. Kxf4 hxg4 59. Kxg4 Kh6 0-1

[Event "35th World Open"]
[Site "King of Prussia USA"]
[Date "2007.06.03"]
[Round "7"]
[White "Bartell,T"]
[Black "Stein,Alan"]
[Result "1-0"]
[WhiteElo "2389"]
[BlackElo "2412"]
[EventDate "2007.06.30"]

1. Nf3 Nf6 2. c4 e6 3. g3 b6 4. Bg2 Bb7 5. d4 Bb4+ 6. Nbd2 O-O 7. a3 Bxd2+
8. Qxd2 Be4 9. b4 c6 10. a4 d5 11. c5 Nbd7 12. O-O h6 13. Qc3 Rc8 14. Bf4
Ne8 15. h4 bxc5 16. bxc5 Ndf6 17. Ne5 Bh7 18. Nd3 Ne4 19. Qc1 g5 20. hxg5
hxg5 21. Bxe4 dxe4 22. Bxg5 f6 23. Nf4 fxg5 24. Nxe6 Qf6 25. Nxf8 Kxf8 26.
Rb1 Rc7 27. Rb8 Bg6 28. Qe3 Rh7 29. f3 Rf7 30. Rf2 Qe7 31. f4 gxf4 32. Rxf4
Kg7 33. Rh4 Rf5 34. Rxe4 Rf1+ 35. Kxf1 Bxe4 36. Qf4 Nf6 37. Rc8 Kg6 38. Rc7
Qe6 39. g4 Nd5 40. Qd6 Nxc7 41. Qxc7 Qf7+ 42. Qxf7+ Kxf7 43. a5 a6 44. Kf2
Ke6 45. Kg3 Kd5 46. e3 Kc4 47. Kf4 Kd5 48. Kg5 Ke6 49. Kh6 Kf6 50. g5+ Kf5
51. g6 Bd5 1-0

[Event "35th World Open"]
[Site "King of Prussia USA"]
[Date "2007.06.03"]
[Round "7"]
[White "Yap,N"]
[Black "Panchanathan,M"]
[Result "0-1"]
[WhiteElo "2298"]
[BlackElo "2482"]
[EventDate "2007.06.30"]

1. e4 e5 2. Nf3 Nc6 3. Bb5 a6 4. Ba4 Nf6 5. O-O Be7 6. Re1 b5 7. Bb3 d6 8.
c3 O-O 9. h3 Na5 10. Bc2 c5 11. d4 Qc7 12. Nbd2 cxd4 13. cxd4 Bb7 14. Nf1
Rac8 15. Re2 d5 16. exd5 exd4 17. Nxd4 Nxd5 18. Nf5 Bf6 19. a3 Nc4 20. Qd3
g6 21. Nh6+ Kh8 22. Rb1 Bg7 23. Ng4 f5 24. Ngh2 b4 25. a4 Rfd8 26. Bg5 Nf4
27. Bxf4 Qxf4 28. Qb3 Na5 29. Qe6 Bd5 30. Qxa6 Bc4 31. Qxa5 Bxe2 32. Ne3
Re8 33. Qd5 Bd4 34. g3 Qe5 35. Qxe5+ Rxe5 36. Re1 Rxe3 0-1

[Event "35th World Open"]
[Site "King of Prussia USA"]
[Date "2007.06.03"]
[Round "7"]
[White "Coraretti,B"]
[Black "Bonin,J"]
[Result "1/2-1/2"]
[WhiteElo "1956"]
[BlackElo "2352"]
[EventDate "2007.06.30"]

1. e4 e5 2. Nf3 d6 3. d4 Nf6 4. Nc3 Nbd7 5. Bc4 Be7 6. O-O O-O 7. Qe2 c6 8.
a4 a5 9. Rd1 Qc7 10. h3 exd4 11. Nxd4 Nc5 12. Bf4 Re8 13. Re1 Bf8 14. Qf3
Ne6 15. Be3 Nxd4 16. Bxd4 Be6 17. Bxe6 Rxe6 18. Re2 Rae8 19. Rae1 Nd7 20.
Qg3 g6 21. f4 Bg7 22. Qf2 Bxd4 23. Qxd4 Qb6 24. Qxb6 Nxb6 25. b3 d5 26. Kf2
dxe4 27. Nxe4 Nd5 28. g3 Kg7 29. c4 Nf6 30. Nxf6 Kxf6 31. Re3 Kf5 32. Kf3
Rxe3+ 33. Rxe3 Rxe3+ 34. Kxe3 h5 35. Kf3 1/2-1/2

[Event "35th World Open"]
[Site "King of Prussia USA"]
[Date "2007.06.03"]
[Round "7"]
[White "Tanaka,C"]
[Black "Arnold,M"]
[Result "0-1"]
[WhiteElo "2116"]
[BlackElo "2237"]
[EventDate "2007.06.30"]

1. d4 Nf6 2. c4 c5 3. d5 b5 4. cxb5 a6 5. b6 d6 6. Nc3 g6 7. e4 Bg7 8. a4
a5 9. Nf3 O-O 10. Be2 Nbd7 11. O-O Nxb6 12. h3 e6 13. dxe6 Bxe6 14. Qc2 Qe7
15. Rd1 d5 16. e5 Nfd7 17. Bg5 f6 18. exf6 Bxf6 19. Bh6 Rfe8 20. Re1 d4 21.
Ne4 c4 22. Qd2 d3 23. Bd1 Bg7 24. Bf4 Qb4 25. Nd6 c3 26. Qxd3 cxb2 27. Rb1
Nc5 28. Qd2 Bc3 29. Nxe8 Rxe8 30. Rxe6 Nxe6 31. Qe3 Nd5 0-1

[Event "35th World Open"]
[Site "King of Prussia USA"]
[Date "2007.06.03"]
[Round "7"]
[White "Young,Z"]
[Black "Melekhina,A"]
[Result "0-1"]
[WhiteElo "2045"]
[BlackElo "2104"]
[EventDate "2007.06.30"]

1. e4 e5 2. Nf3 Nc6 3. Bb5 a6 4. Ba4 Nf6 5. O-O Nxe4 6. Re1 b5 7. Bb3 d5 8.
d3 Nf6 9. Nxe5 Nxe5 10. Rxe5+ Be6 11. Bg5 Bd6 12. Re1 O-O 13. Nd2 h6 14.
Bh4 Re8 15. Bg3 Bxg3 16. hxg3 Qd6 17. Nf3 Re7 18. Qd2 Rae8 19. c3 Bf5 20.
Bc2 Bg4 21. Rxe7 Rxe7 22. Re1 Rxe1+ 23. Qxe1 Bxf3 24. gxf3 d4 25. cxd4 Qxd4
26. Qc3 Qxc3 27. bxc3 Nd5 28. c4 Nb4 29. Bb1 Nc6 30. cxb5 axb5 31. a3 Nd4
32. f4 Kf8 33. Kf1 f6 34. Ke1 h5 35. Kf1 g5 36. fxg5 fxg5 37. Kg2 Ke7 38.
Kh3 Kf6 39. Kg2 Ke5 40. Kh3 c5 41. Ba2 Nc2 42. Bf7 h4 43. gxh4 gxh4 44.
Kxh4 Kf4 45. Bd5 Nxa3 46. Kh3 Nb1 47. Kg2 Nd2 48. f3 b4 49. Kf2 b3 50. Ke2
b2 51. Ba2 b1=Q 52. Bxb1 Nxb1 53. Kd1 Kxf3 54. Kc2 Ke2 55. Kxb1 Kxd3 56.
Kb2 c4 0-1

[Event "35th World Open"]
[Site "King of Prussia USA"]
[Date "2007.06.03"]
[Round "7"]
[White "Zenyuk,I"]
[Black "Defibaugh,J"]
[Result "1-0"]
[WhiteElo "2177"]
[BlackElo "2110"]
[EventDate "2007.06.30"]

1. d4 Nf6 2. Nf3 g6 3. c4 Bg7 4. Nc3 d5 5. cxd5 Nxd5 6. e4 Nxc3 7. bxc3 c5
8. Rb1 O-O 9. Be2 cxd4 10. cxd4 Qa5+ 11. Bd2 Qxa2 12. O-O Bg4 13. Bg5 h6
14. Be3 Nc6 15. d5 Bxf3 16. gxf3 Ne5 17. Rxb7 e6 18. d6 Nc4 19. Bxc4 Qxc4
20. Qc1 Qa6 21. Qc7 Rac8 22. Rxa7 Qe2 23. Qb7 Qxf3 24. e5 Qxb7 25. Rxb7
Bxe5 26. d7 Ra8 27. Bc5 Rfd8 28. Be7 f5 29. Bxd8 Rxd8 30. Re1 Bf6 31. Rxe6
Kf7 32. Re2 g5 33. Kg2 g4 34. Kg3 Bg5 35. Re5 Kf6 36. Re8 Kf7 37. Rxd8 Bxd8
38. Kf4 Ke6 39. Ke3 Kd6 40. Ra7 Bg5+ 41. Kd3 Ke7 42. Kc4 Bf4 43. Kd5 Bxh2
44. Kc6 1-0

[Event "35th World Open"]
[Site "King of Prussia USA"]
[Date "2007.06.04"]
[Round "8"]
[White "Friedel,J"]
[Black "Howell,D"]
[Result "1/2-1/2"]
[WhiteElo "2474"]
[BlackElo "2518"]
[EventDate "2007.06.30"]

1. e4 e5 2. Nf3 Nc6 3. Bb5 a6 4. Ba4 Nf6 5. O-O Nxe4 6. d4 b5 7. Bb3 d5 8.
dxe5 Be6 9. Nbd2 Nc5 10. c3 d4 11. Bxe6 Nxe6 12. cxd4 Ncxd4 13. Ne4 Be7 14.
Be3 Nf5 15. Qc2 O-O 16. Rad1 Nxe3 17. fxe3 Qc8 18. Nd4 c5 19. Nf5 Ra7 20.
Rf3 g6 21. Nxe7+ Rxe7 22. Rh3 Kh8 23. Qf2 f5 24. exf6 Rd7 25. Rd6 Rxd6 26.
Nxd6 Qd8 27. Qh4 h5 28. Ne4 Qd1+ 29. Kf2 Qc2+ 30. Kf3 Qd1+ 31. Kf2 Qc2+ 32.
Kf3 Qd1+ 1/2-1/2

[Event "35th World Open"]
[Site "King of Prussia USA"]
[Date "2007.06.04"]
[Round "8"]
[White "Kleiman,J"]
[Black "Hansen,Lars"]
[Result "1/2-1/2"]
[WhiteElo "2312"]
[BlackElo "2251"]
[EventDate "2007.06.30"]

1. e4 e6 2. d3 d5 3. Nd2 Nf6 4. Ngf3 Bc5 5. h3 Nc6 6. c3 e5 7. b4 Bd6 8.
Be2 a5 9. b5 Ne7 10. O-O O-O 11. Re1 a4 12. Bf1 Ng6 13. exd5 Nxd5 14. c4
Ndf4 15. Bb2 Bb4 16. a3 Ba5 17. d4 exd4 18. Bxd4 Bf5 19. Bc5 Re8 20. Rxe8+
Qxe8 21. Bb4 c6 22. Bxa5 Rxa5 23. Qc1 c5 24. Qc3 Ra8 25. Re1 Qd8 26. Qe3 b6
27. Ne5 Nxe5 28. Qxf4 Nd3 29. Bxd3 Qxd3 30. Re3 Qd7 31. Ne4 h6 32. Nc3 Be6
33. Nd5 Bxd5 34. Rd3 Re8 35. Rxd5 Qe7 36. Rd6 Qc7 37. Qg3 Rd8 1/2-1/2

[Event "35th World Open"]
[Site "King of Prussia USA"]
[Date "2007.06.04"]
[Round "8"]
[White "Lapshun,Y"]
[Black "Martinez,Marce"]
[Result "1/2-1/2"]
[WhiteElo "2479"]
[BlackElo "2386"]
[EventDate "2007.06.30"]

1. e4 e5 2. Nf3 Nc6 3. d4 exd4 4. Bc4 Nf6 5. e5 d5 6. Bb5 Ne4 7. Nxd4 Bc5
8. Be3 O-O 9. Bxc6 Bxd4 10. Qxd4 bxc6 11. Nc3 Ng5 12. O-O-O Ne6 13. Qa4 Bd7
14. Qa5 f6 15. exf6 Qxf6 16. Ne2 Rfb8 17. Qc3 Qf8 18. Nd4 Nc5 19. Qa3 Rb4
20. Nf3 Bf5 21. Rd4 a5 22. Rxb4 axb4 23. Bxc5 bxa3 24. Bxf8 axb2+ 25. Kxb2
Kxf8 26. Nd4 Bd7 27. Re1 Rb8+ 28. Kc3 Kf7 29. Nb3 Ra8 30. Nc5 Bf5 31. a4 h6
32. Ra1 Ke7 33. Ra2 Kd6 34. Kd4 Rb8 35. c3 Rb1 36. Rd2 Bc8 37. f4 g6 38. g3
h5 39. Rd3 Bh3 40. Rd2 Bf5 41. Na6 Bc8 42. Nc5 Bh3 43. Na6 Bd7 44. Nc5 Bg4
45. Nd3 Bh3 46. Nc5 Bf1 47. Nd3 Ra1 48. Nc5 Ba6 49. h4 Bc8 50. Rd3 Rb1 51.
Rd2 Bf5 52. Na6 Rg1 53. Nc5 Rb1 54. Na6 Rg1 1/2-1/2

[Event "35th World Open"]
[Site "King of Prussia USA"]
[Date "2007.06.04"]
[Round "8"]
[White "Sarkar,J"]
[Black "Panchanathan,M"]
[Result "1-0"]
[WhiteElo "2418"]
[BlackElo "2482"]
[EventDate "2007.06.30"]

1. d4 Nf6 2. c4 e6 3. Nc3 Bb4 4. Qc2 O-O 5. a3 Bxc3+ 6. Qxc3 b6 7. Bg5 Bb7
8. e3 d6 9. Ne2 Nbd7 10. Qd3 c5 11. Nc3 h6 12. Bh4 Ba6 13. Rd1 d5 14. Qc2
cxd4 15. Rxd4 Qc8 16. cxd5 Bxf1 17. dxe6 Bxg2 18. exd7 Nxd7 19. Rg1 Ne5 20.
Rxg2 Nf3+ 21. Kf1 Nxd4 22. exd4 Qc4+ 23. Qe2 Qxd4 24. Rg4 Qd6 25. Be7 Qxh2
26. Rxg7+ Kxg7 27. Qg4+ Kh7 28. Qf5+ Kg8 29. Nd5 f6 30. Qg6+ Kh8 31. Bxf6+
1-0

[Event "35th World Open"]
[Site "King of Prussia USA"]
[Date "2007.06.04"]
[Round "8"]
[White "Bercys,S"]
[Black "Critelli,J"]
[Result "1-0"]
[WhiteElo "2438"]
[BlackElo "2264"]
[EventDate "2007.06.30"]

1. d4 Nf6 2. c4 e6 3. Nf3 b6 4. g3 Ba6 5. b3 Bb7 6. Bg2 Bb4+ 7. Bd2 a5 8.
O-O O-O 9. Nc3 d6 10. Qc2 Nbd7 11. Rfe1 Bxc3 12. Bxc3 Be4 13. Qb2 c6 14.
Bf1 b5 15. Rac1 bxc4 16. bxc4 c5 17. Nd2 cxd4 18. Bxd4 Bc6 19. f3 e5 20.
Bf2 e4 21. Bd4 Qe7 22. Bg2 Rfb8 23. Qc3 Re8 24. Nf1 Qe6 25. f4 h5 26. h3
Rec8 27. Ne3 a4 28. Rf1 Bb7 29. g4 hxg4 30. hxg4 d5 31. g5 Ne8 32. cxd5 Qd6
33. Qd2 Bxd5 34. Nf5 Qa3 35. Bb2 Qxa2 36. Rxc8 1-0

[Event "35th World Open"]
[Site "King of Prussia USA"]
[Date "2007.06.04"]
[Round "8"]
[White "Melekhina,A"]
[Black "Ludwig,D"]
[Result "1/2-1/2"]
[WhiteElo "2104"]
[BlackElo "2373"]
[EventDate "2007.06.30"]

1. e4 c5 2. Nc3 Nc6 3. g3 g6 4. Bg2 Bg7 5. Nge2 d6 6. d3 e5 7. O-O Nge7 8.
Be3 O-O 9. f4 Nd4 10. h3 Be6 11. Qd2 Qd7 12. Kh2 Rac8 13. Rf2 b5 14. a3 a5
15. Raf1 b4 16. axb4 cxb4 17. Bxd4 exd4 18. Nd1 f5 19. b3 Rc5 20. Nb2 Qc7
21. Ng1 Rc8 22. Nc4 fxe4 23. dxe4 Bxc4 24. bxc4 Rxc4 25. f5 Rxc2 26. Qg5
Rxf2 27. Rxf2 h6 28. Qh4 Rf8 29. f6 Rxf6 30. Rxf6 g5 31. Qh5 Bxf6 32. Qxh6
Kf7 33. Nf3 b3 34. Qh5+ Kf8 35. Qh6+ Bg7 36. Qe6 b2 37. Nxg5 Ke8 38. Qf7+
Kd7 39. Qe6+ Kd8 40. Qb3 Qc1 41. Qb6+ Ke8 42. Qb8+ Nc8 43. Qb5+ Kd8 44.
Qxa5+ Kd7 45. Qb5+ Kd8 1/2-1/2

[Event "35th World Open"]
[Site "King of Prussia USA"]
[Date "2007.06.04"]
[Round "8"]
[White "Bonin,J"]
[Black "Tuvshintugs,B"]
[Result "0-1"]
[WhiteElo "2352"]
[BlackElo "2229"]
[EventDate "2007.06.30"]

1. d4 Nf6 2. Nf3 e6 3. c4 d5 4. Nc3 Bb4 5. Bg5 h6 6. Bxf6 Qxf6 7. Qa4+ Nc6
8. e3 O-O 9. Rc1 Bd7 10. cxd5 exd5 11. Qb3 Rfe8 12. Be2 Qg6 13. O-O Bh3 14.
Ne1 Rad8 15. Kh1 Bf5 16. Bf3 Be6 17. Ne2 Bd6 18. Nd3 Na5 19. Qc3 b6 20.
Nef4 Qg5 21. b4 Nc4 22. Nxd5 Bxd5 23. Bxd5 Qxd5 24. Qxc4 Qh5 25. h3 Re4 26.
Rc2 Rde8 27. Qc6 R4e6 28. Qf3 Qb5 29. Qe2 Re4 30. Qd2 Qf5 31. Ne5 Rxe3 32.
Qxe3 Qxc2 33. Qb3 Qxb3 34. axb3 Bxe5 35. Re1 f6 36. f4 Kf7 37. dxe5 fxe5
38. fxe5 Ke6 39. Re4 Kd5 0-1

[Event "35th World Open"]
[Site "King of Prussia USA"]
[Date "2007.06.04"]
[Round "8"]
[White "Coraretti,B"]
[Black "Schneider,Ig"]
[Result "0-1"]
[WhiteElo "1956"]
[BlackElo "2337"]
[EventDate "2007.06.30"]

1. e4 e6 2. d4 d5 3. Nc3 Nf6 4. Bg5 Be7 5. e5 Nfd7 6. h4 c5 7. Bxe7 Qxe7 8.
Nb5 O-O 9. Nc7 cxd4 10. Qd2 f6 11. Nxa8 fxe5 12. O-O-O Nf6 13. Qg5 Nc6 14.
Nf3 Qd6 15. Bb5 Ne4 16. Qh5 Nb4 17. Kb1 Qc5 18. Ba4 b5 19. Bb3 a5 20. Nxe5
a4 21. Nd3 Nxd3 22. cxd3 Nc3+ 23. bxc3 axb3 24. axb3 dxc3 25. Qe2 Rxf2 26.
d4 c2+ 27. Kb2 0-1

[Event "35th World Open"]
[Site "King of Prussia USA"]
[Date "2007.06.04"]
[Round "8"]
[White "Zhao,P"]
[Black "Rohonyan,K"]
[Result "0-1"]
[WhiteElo "2180"]
[BlackElo "2362"]
[EventDate "2007.06.30"]

1. e4 c5 2. Nf3 Nc6 3. d3 g6 4. g3 Bg7 5. Bg2 Nf6 6. O-O O-O 7. c3 d6 8.
Re1 Bd7 9. d4 Qc8 10. Bf4 Bh3 11. d5 Bxg2 12. Kxg2 Nb8 13. Qc1 Re8 14. Bh6
Bh8 15. h3 e6 16. dxe6 Qxe6 17. Nbd2 Nc6 18. Qc2 b5 19. Bf4 b4 20. g4 bxc3
21. bxc3 h5 22. g5 Nd7 23. Bg3 Nb6 24. Rad1 Rad8 25. Nh4 Nc4 26. f4 Nxd2
27. Rxd2 Qc4 28. Re3 d5 29. e5 d4 30. Rf3 Bg7 31. Bf2 Qd5 32. cxd4 cxd4 33.
Qb3 Bf8 34. Qxd5 Rxd5 35. Rfd3 Red8 36. Nf3 Bc5 37. a3 Kf8 38. Rc2 Ne7 39.
Nd2 Nf5 40. Ne4 Bb6 41. Kf3 Rb5 42. Ng3 Ng7 43. Ne2 Ne6 44. Be1 a5 45. Rc6
Rb8 46. Bf2 Rb1 47. Rc1 Rb2 48. Bxd4 Rxe2 49. Bxb6 Rh2 50. Bxa5 Rxh3+ 51.
Ke4 Rh4 52. Bb4+ Kg8 53. Rf1 Nxg5+ 54. Kd5 Ne6 55. Rdf3 Rc8 56. Be7 Rg4 57.
R3f2 Ng7 58. Rb1 Nf5 59. Bc5 Rg3 60. a4 Rd3+ 61. Kc4 Rd4+ 62. Kb5 Rd5 63.
Rc1 Nd4+ 64. Kb4 Rb8+ 65. Ka3 Ne6 66. Bd6 Rd3+ 67. Ka2 Ra8 68. Rc4 Nd4 69.
Rb2 h4 70. Bc5 Nf5 71. Bg1 h3 72. Rcb4 Kg7 73. Rc4 Ra6 74. Rb3 Rd2+ 75. Rb2
Rd1 76. Bh2 0-1